00700 2200193 4500001002100000005001500021035002000036007000300056008004100059082001300100084001900113100004600132245015900178250001100337260008500348300002000433600002800453990002500481INLIS00000000000048320220302094513 a0010-0322000004ta220302 g 0 ind  a297.6611 a297.6611 BID p0 aBidang Diklat Kwartir Pusat Hizbul Wathan1 aPedoman Penyelenggaraan Administrasi Pendidikan dan Pelatihan Seri : 04.12 :bGerakan kepanduan Hizbul Wathan /cBidang Diklat Kwartir Pusat Hizbul Wathan aCet. 2 aYogyakarta :bPusat Pengadaan Perlengkapan HW Kwartir Pusat Hizbul Wathan,c2010 a32 hlm ;c21 cm 4aOrganisasi Muhammadiyah a01113/PSMUH/PB/20130